00335nam a2200145Ia 45000030006000000080041000060400015000471000023000622450044000852500006001292600017001353000006001525460014001580050017001720STCL150530s9999 xx 000 0 und d aSTCLcSTCL aKrishna Chaithanya aSamskruthathile Sahithya Thathvachintha a1 bAuthorc1973 a0 aMalayalam20220125171751.0